000 00880nam a22002657a 4500
005 20180308115942.0
010 _aENG-107646
020 _a9789381588765
_c200.00
020 _a9381588767
_c200.00
020 _c295.00(AV)
035 _aEN-91179
035 _aB-538690-706
035 _aB-667690
037 _bDBAD/PUB
037 _bKKP/Ven
_adpl
082 _a153.14
100 _aChandra Shekhar, BK
245 _aComprehensive memory development course /
_cby BK Chandra Shekhar
260 _bV and S Publishers
_c2013
270 _aF-2/16, Ansari Road, Daryagunj
_bNew Delhi
_e110002
300 _a190p.
_c24cm(pbk)
942 _2ddc
_cEN
_mCHA
_h153.14
999 _c76814
_d76814